| 000 | 00872nam a22002531 4500 | ||
|---|---|---|---|
| 001 | 35692 | ||
| 003 | BD-RjUL | ||
| 005 | 20211209052349.0 | ||
| 008 | 140531s1958 nyua 000 0 eng | ||
| 035 | _a(BD-RjUL)35787 | ||
| 040 |
_aDLC _cDLC _dDLC _beng |
||
| 041 | _aeng | ||
| 082 | 0 | 0 |
_a363.960973 _bGRF 1958 |
| 100 | 1 |
_aGrabill, Wilson H. _9108809 |
|
| 245 | 1 | 4 |
_aThe fertility of American women / _cby Wilson H. Grabill, Clyde V. Kiser [and] Pascal K. Whelpton for the Social Science Research Council in cooperation with the U.S. Dept. of Commerce, Bureau of the Census. |
| 260 |
_aNew York : _bWiley ; _c1958 |
||
| 300 |
_a448 p. : _billus. ; _c24 cm. |
||
| 490 | 0 | _aCensus monograph series | |
| 650 | 0 |
_aFertility, Human. _9108810 |
|
| 651 | 0 |
_aUnited States _xStatistics, Vital. _9104824 |
|
| 942 |
_2ddc _cBK |
||
| 999 |
_c35692 _d35692 |
||